[Event "ICS Rated blitz match"]
[Site "204.178.125.65"]
[Date "2000.03.06"]
[Round "?"]
[White "Hossa"]
[Black "MissSilicon"]
[Result "0-1"]
[WhiteElo "2360"]
[BlackElo "2682"]
[PlyCount "150"]
[EventDate "2000.??.??"]

1. d4 Nf6 2. c4 e5 3. dxe5 Ng4 4. Bf4 Nc6 5. Nf3 Bb4+ 6. Nbd2 Qe7 7. e3 Ngxe5
8. Nxe5 Nxe5 9. Be2 O-O 10. O-O Ng6 11. Bg3 d6 12. Nb3 Re8 13. a3 Bc5 14. Nxc5
dxc5 15. Qb3 a5 16. Rad1 a4 17. Qc2 Ne5 18. Qe4 f6 19. Rd2 Kh8 20. Rfd1 Bd7 21.
Qh4 Bc6 22. Bh5 Red8 23. Bxe5 Rxd2 24. Rxd2 Qxe5 25. Bg6 h6 26. Qh3 Qe7 27. Bc2
Rd8 28. Qf5 Kg8 29. Qh7+ Kf7 30. Bg6+ Ke6 31. Rd3 b6 32. Rxd8 Qxd8 33. h4 Qd1+
34. Kh2 Qg4 35. Qg8+ Ke5 36. f4+ Kd6 37. Qf8+ Kd7 38. Qe8+ Kd6 39. Qd8+ Qd7 40.
Qf8+ Qe7 41. Qxe7+ Kxe7 42. Bc2 Bd7 43. e4 Be6 44. Bxa4 Bxc4 45. Bc6 Kd6 46.
Be8 g5 47. fxg5 fxg5 48. hxg5 hxg5 49. Kg3 Be6 50. Kf3 Ke5 51. Ba4 Kd4 52. Bb5
Bb3 53. Kg4 Kxe4 54. Kxg5 c4 55. Kf6 Kd3 56. Ke7 Kc2 57. Kd7 Kxb2 58. Kxc7 c3
59. Bd3 Ba2 60. g4 Bb1 61. Bc4 c2 62. Kxb6 c1=Q 63. Bd5 Qe3+ 64. Kb5 Qd4 65.
Bg8 Qd7+ 66. Kc5 Qc8+ 67. Kb6 Qxg8 68. a4 Qxg4 69. Kb5 Qd7+ 70. Kc5 Kc3 71. Kb6
Be4 72. Ka6 Qc6+ 73. Ka5 Qc5+ 74. Ka6 Kb4 75. a5 Qxa5# 0-1

[Event "ICS Rated blitz match"]
[Site "204.178.125.65"]
[Date "2000.03.06"]
[Round "?"]
[White "BlackBadger"]
[Black "Hossa"]
[Result "0-1"]
[WhiteElo "2164"]
[BlackElo "2356"]
[PlyCount "29"]

1. d4 d5 2. Nf3 Nf6 3. Bf4 c5 4. c3 cxd4 5. cxd4 Nc6 6. e3 Bg4 7. Qb3 Qc8 8.
Nc3 e6 9. g3 Bxf3 10. Rg1 Bb4 11. Bd3 O-O 12. g4 Be7 13. h3 Ne4 14. Nxe4 dxe4
15. Bf1 0-1

[Event "ICS Rated blitz match"]
[Site "204.178.125.65"]
[Date "2000.03.06"]
[Round "?"]
[White "Hossa"]
[Black "Tinker"]
[Result "0-1"]
[WhiteElo "2364"]
[BlackElo "2436"]
[PlyCount "90"]
[EventDate "2000.??.??"]

1. e4 e5 2. Nf3 Nf6 3. Nxe5 Qe7 4. d4 d6 5. Nf3 Nxe4 6. Be2 Rg8 7. O-O g6 8.
Re1 d5 9. Bd3 Be6 10. Bxe4 dxe4 11. Rxe4 Nc6 12. Qe2 Qd7 13. c4 Ne7 14. Ne5 Qd8
15. Bg5 h6 16. Bxe7 Bxe7 17. Nc3 Kf8 18. Re1 Bf6 19. Nf3 Kg7 20. Nd1 Bf5 21.
Rf4 Bg5 22. Rxf5 gxf5 23. Qe5+ Bf6 24. Qxf5 Re8 25. Ne3 Kg8 26. Qg4+ Bg7 27.
Nf5 Rxe1+ 28. Nxe1 Qg5 29. Qe4 Qc1 30. b3 Bf6 31. f4 Kf8 32. Kf2 Re8 33. Qd3
Qxe1+ 34. Kf3 h5 35. Ng3 Qg1 36. d5 Bd4 37. Ne4 f5 38. Kg3 Rxe4 39. Qd2 Bf2+
40. Kh3 Re3+ 41. Qxe3 Bxe3 42. Kg3 Qe1+ 43. Kh3 Bg1 44. g4 Qf2 45. gxf5 Qxh2#
0-1

[Event "ICS rated blitz match"]
[Site "204.178.125.65"]
[Date "2000.03.06"]
[Round "?"]
[White "Caneco-Nelson"]
[Black "Hossa"]
[Result "0-1"]
[WhiteElo "2193"]
[BlackElo "2351"]
[PlyCount "24"]

1. d4 Nf6 2. c4 e6 3. Nc3 Bb4 4. Qc2 O-O 5. Nf3 b6 6. g3 Ba6 7. e3 d5 8. a3
Bxc3+ 9. Qxc3 c5 10. dxc5 bxc5 11. b3 Ne4 12. Qc2 Qf6 0-1

[Event "ICS rated blitz match"]
[Site "204.178.125.65"]
[Date "2000.03.06"]
[Round "?"]
[White "Kob"]
[Black "Hossa"]
[Result "0-1"]
[WhiteElo "2347"]
[BlackElo "2360"]
[PlyCount "54"]

1. e4 c5 2. Nf3 d6 3. Bb5+ Nd7 4. c4 Ngf6 5. Nc3 e6 6. O-O Be7 7. d4 O-O 8. e5
Ne8 9. d5 Nxe5 10. Nxe5 dxe5 11. Ba4 Nd6 12. Qe2 a6 13. Bc2 b5 14. cxb5 axb5
15. Qxe5 b4 16. Ne2 c4 17. dxe6 fxe6 18. Qh5 Nf5 19. Bf4 Bd7 20. Ng3 g6 21. Qd1
Nxg3 22. Bxg3 Bf6 23. Re1 Bxb2 24. Rb1 Rxa2 25. Qd6 b3 26. Be4 c3 27. Be5 Ba3
0-1

[Event "ICS Rated blitz match"]
[Site "204.178.125.65"]
[Date "2000.03.06"]
[Round "?"]
[White "Hossa"]
[Black "Tinker"]
[Result "0-1"]
[WhiteElo "2375"]
[BlackElo "2449"]
[PlyCount "90"]

1. e4 e5 2. Nf3 Nc6 3. Bc4 d6 4. d4 exd4 5. Nxd4 Nxd4 6. Qxd4 Nf6 7. Bd2 Be7 8.
Nc3 c6 9. O-O-O Bg4 10. f3 Bd7 11. Bf4 b5 12. Be2 O-O 13. Bxd6 Be6 14. e5 Nd5
15. Bxe7 Qxe7 16. Kb1 Nxc3+ 17. Qxc3 Bd5 18. Rd2 Rae8 19. f4 Bxg2 20. Rg1 Bd5
21. Qg3 f6 22. Bh5 Rd8 23. Re2 fxe5 24. fxe5 Rf5 25. Bg4 Rff8 26. Ree1 Kh8 27.
h4 b4 28. Be2 Rf5 29. Bd3 Rh5 30. Qe3 Rxh4 31. Qg3 c5 32. Ba6 Be6 33. Qf2 c4
34. Rh1 Rxh1 35. Rxh1 Bd5 36. Re1 b3 37. axb3 cxb3 38. c4 Be4+ 39. Kc1 Bc2 40.
Qf4 Qd7 41. Qf8+ Rxf8 42. Bb7 Qd8 43. Rg1 Rf1+ 44. Rxf1 Qg5+ 45. Rf4 Qxf4# 0-1

[Event "ICS Rated blitz match"]
[Site "204.178.125.65"]
[Date "2000.03.06"]
[Round "?"]
[White "Tinker"]
[Black "Hossa"]
[Result "0-1"]
[WhiteElo "2462"]
[BlackElo "2362"]
[PlyCount "76"]
[EventDate "2000.??.??"]

1. e4 d6 2. d4 Nf6 3. Nc3 g6 4. d5 Bg7 5. Bb5+ c6 6. dxc6 bxc6 7. Bc4 O-O 8.
Qd3 Nxe4 9. Qxe4 Bxc3+ 10. bxc3 d5 11. Bxd5 Qxd5 12. Qxd5 cxd5 13. Nf3 Bf5 14.
Nd4 Rc8 15. Nxf5 gxf5 16. Bb2 Nd7 17. O-O-O Nb6 18. Rhe1 e6 19. Ba1 Nc4 20. Rg1
Rc6 21. g4 f4 22. Rde1 Ra6 23. Kd1 f3 24. Rg3 Rxa2 25. Rxf3 Rxa1+ 26. Ke2 Rxe1+
27. Kxe1 Rb8 28. Rd3 Rb1+ 29. Rd1 Rxd1+ 30. Kxd1 Ne3+ 31. fxe3 a5 32. Kd2 a4
33. Kc1 h5 34. gxh5 e5 35. c4 dxc4 36. h3 f5 37. h4 f4 38. exf4 exf4 0-1

[Event "ICS Rated blitz match"]
[Site "204.178.125.65"]
[Date "2000.03.06"]
[Round "?"]
[White "Tinker"]
[Black "Hossa"]
[Result "1-0"]
[WhiteElo "2442"]
[BlackElo "2379"]
[PlyCount "123"]
[EventDate "2000.??.??"]

1. e4 c5 2. Nf3 Nc6 3. Bc4 Nf6 4. e5 d5 5. Bb5 Nd7 6. Bxc6 bxc6 7. O-O e6 8.
Qe2 Be7 9. Re1 O-O 10. a4 c4 11. Qf1 f6 12. exf6 Rxf6 13. d3 cxd3 14. cxd3 Rg6
15. Bf4 Qf8 16. Bg3 c5 17. Nc3 Ba6 18. Na2 Qf5 19. Rad1 Rf8 20. a5 Qg4 21. h3
Qf5 22. Qe2 Rf7 23. Qf1 c4 24. d4 Qc2 25. Rb1 Qa4 26. Nc3 Qxa5 27. Ne5 Nxe5 28.
Bxe5 Qb6 29. Re3 Rg5 30. Na4 Qc6 31. Nc3 Rgf5 32. g4 Rxf2 33. Qxf2 Rxf2 34.
Kxf2 Qb6 35. Kf3 Bg5 36. Na4 Qb7 37. Ra3 Be7 38. Raa1 Bh4 39. Nc5 Qf7+ 40. Kg2
Bc8 41. Rf1 Qe7 42. Ra2 h6 43. Rfa1 a6 44. Nxa6 Qg5 45. Nc7 Qd2+ 46. Kh1 Kh7
47. Ne8 Qe3 48. Ra3 Qe4+ 49. Kg1 Bg5 50. Kf2 Qc2+ 51. Kg1 Qxb2 52. R3a2 Be3+
53. Kh1 Qc3 54. Ra3 Qd2 55. Ra7 Bf4 56. Rxg7+ Kh8 57. Rf7+ Bxe5 58. Rf8+ Kh7
59. Ra7+ Bd7 60. Rxd7+ Kg6 61. Rg8+ Bg7 62. Rgxg7# 1-0

[Event "ICS Rated blitz match"]
[Site "204.178.125.65"]
[Date "2000.03.06"]
[Round "?"]
[White "WeakForce"]
[Black "Hossa"]
[Result "0-1"]
[WhiteElo "2272"]
[BlackElo "2366"]
[PlyCount "86"]

1. c4 c5 2. Nc3 Nc6 3. e4 Nd4 4. g3 d6 5. Bg2 Nf6 6. h3 Bd7 7. Nge2 h5 8. d3 h4
9. g4 g6 10. f4 Nh7 11. Nxd4 cxd4 12. Ne2 e5 13. f5 g5 14. O-O b5 15. b3 bxc4
16. bxc4 Rb8 17. Qc2 Be7 18. Bd2 Bc6 19. Rab1 Rxb1 20. Rxb1 Nf8 21. Qb2 Nd7 22.
Bb4 Ba4 23. Qa3 Nb6 24. Ba5 Bd7 25. Bb4 Qb8 26. c5 dxc5 27. Bxc5 Bxc5 28. Qxc5
f6 29. Nc1 Qb7 30. Nb3 Qa6 31. Qc2 Ba4 32. Bf1 Qb7 33. Qc5 Qd7 34. Na5 Qe7 35.
Rc1 Qxc5 36. Rxc5 Kd7 37. Kf2 Rc8 38. Rxc8 Kxc8 39. Ke1 Bb5 40. Kd2 Na4 41. Nb3
Nc3 42. a3 Nxe4+ 43. dxe4 Bxf1 0-1

[Event "ICS rated blitz match"]
[Site "204.178.125.65"]
[Date "2000.03.06"]
[Round "?"]
[White "Hossa"]
[Black "HaraldLdahl"]
[Result "1-0"]
[WhiteElo "2367"]
[BlackElo "2272"]
[PlyCount "47"]

1. d4 f5 2. c4 Nf6 3. g3 g6 4. Bg2 Bg7 5. Nf3 O-O 6. O-O d6 7. Nc3 Nc6 8. d5
Ne5 9. Nxe5 dxe5 10. Bg5 Ng4 11. c5 h6 12. Bc1 g5 13. f3 Nf6 14. Qb3 Kh8 15. e3
g4 16. fxg4 Nxg4 17. Bf3 e4 18. Bxg4 fxg4 19. Rxf8+ Qxf8 20. Bd2 Qf5 21. Rf1
Qg6 22. Nb5 Bd7 23. Nxc7 Rc8 24. Qxb7 1-0

[Event "ICS rated blitz match"]
[Site "204.178.125.65"]
[Date "2000.03.06"]
[Round "?"]
[White "Bannon"]
[Black "Hossa"]
[Result "0-1"]
[WhiteElo "2064"]
[BlackElo "2379"]
[PlyCount "23"]

1. e4 e6 2. d4 d5 3. exd5 exd5 4. Bd3 Bd6 5. Nf3 Bg4 6. O-O Nc6 7. c3 Nge7 8.
Re1 Qd7 9. Nbd2 O-O 10. Qc2 Bf5 11. Ng5 Rae8 12. g4 0-1

[Event "ICS rated standard match"]
[Site "204.178.125.65"]
[Date "2000.03.06"]
[Round "?"]
[White "Hossa"]
[Black "PostModernist"]
[Result "0-1"]
[WhiteElo "2185"]
[BlackElo "2383"]
[PlyCount "120"]
[EventDate "2000.??.??"]

1. e4 c6 2. d4 d5 3. Nc3 dxe4 4. Nxe4 Bf5 5. Ng3 Bg6 6. h4 h6 7. Nf3 Nf6 8. Ne5
Bh7 9. Bd3 Bxd3 10. Qxd3 e6 11. Bd2 Nbd7 12. Nf3 Bd6 13. O-O-O Be7 14. Rhe1 Ng4
15. Re2 O-O 16. h5 Qc7 17. Ne4 Rfd8 18. Qc4 Ndf6 19. Nxf6+ Nxf6 20. g4 c5 21.
g5 hxg5 22. Bxg5 Rac8 23. h6 cxd4 24. Qd3 Nd5 25. Rg1 Nb4 26. Qb3 Bxg5+ 27.
Nxg5 d3 28. Nxe6 Qh2 29. Rxg7+ Kh8 30. Nxd8 Qxh6+ 31. Rd2 Rxc2+ 32. Qxc2 Nxa2+
33. Kb1 dxc2+ 34. Rxc2 Kxg7 35. Kxa2 Qd6 36. Rc8 b5 37. Kb1 Qd3+ 38. Kc1 Qf1+
39. Kc2 Qxf2+ 40. Kb1 b4 41. b3 Qg1+ 42. Rc1 Qe3 43. Nc6 Qxb3+ 44. Ka1 Qa3+ 45.
Kb1 b3 46. Rg1+ Kf8 47. Rg2 Qa6 48. Rh2 Qxc6 49. Kb2 Qc7 50. Rh8+ Kg7 51. Rh1
Qc2+ 52. Ka3 b2 53. Rg1+ Kf6 54. Rf1+ Ke5 55. Rb1 Qxb1 56. Kb3 Qc1 57. Kb4
b1=Q+ 58. Ka4 Qcc2+ 59. Ka5 Qc3+ 60. Ka6 Qb6# 0-1

[Event "ICS rated standard match"]
[Site "204.178.125.65"]
[Date "2000.03.06"]
[Round "?"]
[White "PostModernist"]
[Black "Hossa"]
[Result "1-0"]
[WhiteElo "2391"]
[BlackElo "2177"]
[PlyCount "115"]
[EventDate "2000.??.??"]

1. c4 c5 2. Nf3 Nf6 3. Nc3 d5 4. cxd5 Nxd5 5. g3 e6 6. Bg2 Nc6 7. O-O Be7 8. d4
h5 9. Nxd5 exd5 10. dxc5 h4 11. gxh4 Bxc5 12. Bf4 Bb6 13. e3 Bg4 14. Qd3 Rc8
15. Rac1 Be6 16. Ng5 Ne7 17. Nxe6 fxe6 18. Bh3 Kf7 19. Bg5 Rc6 20. Rxc6 bxc6
21. Rc1 Qd7 22. Bxe7 Qxe7 23. Rxc6 Rh6 24. Qa6 d4 25. exd4 Bxd4 26. Qc4 Bb6 27.
Kh1 Rf6 28. Bg4 Qd7 29. f3 Qd1+ 30. Kg2 Qe1 31. Kh3 Rh6 32. h5 Bd8 33. Qa6 Be7
34. Qxa7 Qf1+ 35. Kg3 Qe2 36. b3 Qd2 37. a4 Qe2 38. Qd4 Qe1+ 39. Kg2 Qe2+ 40.
Qf2 Qd3 41. Qc2 Qe3 42. a5 Qe1 43. a6 Qa5 44. Qe4 Qa2+ 45. Kg3 Ke8 46. Qd4 Qa5
47. a7 Rh8 48. Rc8+ Kf7 49. Bxe6+ Kxe6 50. Qc4+ Kf6 51. Rc6+ Bd6+ 52. Rxd6+ Ke7
53. Qe6+ Kf8 54. Qc8+ Ke7 55. Rd7+ Kf6 56. Qc6+ Ke5 57. f4+ Kf5 58. Qg6# 1-0

[Event "ICS rated blitz match"]
[Site "204.178.125.65"]
[Date "2000.03.06"]
[Round "?"]
[White "NETAO"]
[Black "Hossa"]
[Result "0-1"]
[WhiteElo "2081"]
[BlackElo "2387"]
[PlyCount "84"]

1. e4 c5 2. Nf3 e6 3. d4 cxd4 4. Nxd4 Nf6 5. Nc3 d6 6. Be3 a6 7. a4 Be7 8. Be2
O-O 9. O-O Nc6 10. f4 d5 11. e5 Ne4 12. Nxe4 dxe4 13. Nxc6 bxc6 14. c3 f6 15.
Qc2 f5 16. g4 fxg4 17. Qxe4 Rb8 18. b4 Qd5 19. Qc2 c5 20. Rad1 Qc6 21. b5 axb5
22. axb5 Qc7 23. c4 Bh4 24. Bxg4 Rb6 25. Bf3 Bb7 26. Be4 Bxe4 27. Qxe4 Rf5 28.
Ra1 Bd8 29. Qa8 Rb8 30. Qc6 Qxc6 31. bxc6 Rc8 32. Ra6 g5 33. Bxc5 gxf4 34. Bd6
f3 35. Ra7 Bb6+ 36. c5 Bxa7 37. c7 Bxc5+ 38. Bxc5 Rxc7 39. Bd6 Rc2 40. Rb1 f2+
41. Kf1 Rg5 42. Rb8+ Kg7 0-1

[Event "ICS rated blitz match"]
[Site "204.178.125.65"]
[Date "2000.03.06"]
[Round "?"]
[White "Hossa"]
[Black "NETAO"]
[Result "1-0"]
[WhiteElo "2392"]
[BlackElo "2076"]
[PlyCount "27"]

1. e4 e5 2. Nf3 Nc6 3. Bb5 f5 4. Nc3 Nf6 5. Qe2 fxe4 6. Nxe4 d5 7. Neg5 e4 8.
Ne5 Qd6 9. Nef7 Qc5 10. Nxh8 h6 11. d4 Qxd4 12. c3 Qb6 13. Be3 d4 14. Bxd4 1-0

[Event "ICS rated blitz match"]
[Site "204.178.125.65"]
[Date "2000.03.06"]
[Round "?"]
[White "Hossa"]
[Black "montxo"]
[Result "1-0"]
[WhiteElo "2396"]
[BlackElo "2256"]
[PlyCount "99"]

1. c4 g6 2. Nc3 Bg7 3. d4 Nf6 4. e4 O-O 5. Be2 d6 6. Bf4 c5 7. d5 Nbd7 8. Nf3
a6 9. O-O Ng4 10. Qd2 Rb8 11. Bg3 h5 12. Ng5 Bh6 13. f3 Nge5 14. f4 Bxg5 15.
fxg5 Qa5 16. Rf2 b5 17. cxb5 axb5 18. Rff1 b4 19. Nd1 c4 20. Qf4 Ba6 21. Nf2 c3
22. Bxa6 Qxa6 23. Qc1 Rfc8 24. Re1 Qc4 25. b3 Qc5 26. Rf1 Ra8 27. Qe1 Ra3 28.
Qe2 Rca8 29. Rfc1 Qa5 30. Rc2 Qa6 31. Qe3 Qb6 32. Qxb6 Nxb6 33. Bxe5 dxe5 34.
Nd3 Rxb3 35. Rac1 Rba3 36. Nxb4 Na4 37. Nc6 Kf8 38. Nxe5 Rc8 39. Rf1 Ke8 40.
Rxf7 Nc5 41. Rh7 Kd8 42. Nc6+ Kc7 43. Nxe7 Rb8 44. Nc6+ Kd6 45. Nxb8 Nxe4 46.
Rd7+ Ke5 47. Nc6+ Kf4 48. h4 Ke3 49. Rb7 Ra5 50. Nxa5 1-0

[Event "ICS rated blitz match"]
[Site "204.178.125.65"]
[Date "2000.03.06"]
[Round "?"]
[White "montxo"]
[Black "Hossa"]
[Result "0-1"]
[WhiteElo "2246"]
[BlackElo "2406"]
[PlyCount "38"]

1. e4 e5 2. Nf3 Nc6 3. d4 exd4 4. Nxd4 Nf6 5. Nxc6 bxc6 6. e5 Qe7 7. Qe2 Nd5 8.
c4 Ba6 9. b3 g6 10. Qe4 f5 11. Qe2 Bg7 12. f4 d6 13. Qf2 Nb4 14. Be2 Nc2+ 15.
Kf1 Nxa1 16. Bf3 Qd7 17. Bb2 dxe5 18. Nc3 e4 19. Qe2 O-O 0-1

[Event "ICS rated blitz match"]
[Site "204.178.125.65"]
[Date "2000.03.06"]
[Round "?"]
[White "Hossa"]
[Black "montxo"]
[Result "1-0"]
[WhiteElo "2415"]
[BlackElo "2237"]
[PlyCount "77"]

1. e4 Nf6 2. e5 Nd5 3. d4 d6 4. c4 Nb6 5. exd6 cxd6 6. Nf3 g6 7. h3 Bg7 8. Be2
O-O 9. O-O Nc6 10. Nc3 e5 11. d5 Nd4 12. Nxd4 exd4 13. Nb5 Qf6 14. Nc7 Rb8 15.
Re1 a6 16. Qb3 Nd7 17. Qb4 Nc5 18. Qb6 Nd7 19. Qb4 b6 20. Bf1 Nc5 21. Ne8 Qd8
22. Nxg7 Kxg7 23. Qd2 Kg8 24. Qxd4 a5 25. Bh6 f6 26. Bxf8 Qxf8 27. Re3 Bd7 28.
Rae1 Re8 29. Rxe8 Bxe8 30. Qe3 Kf7 31. h4 Bd7 32. h5 Bf5 33. Be2 g5 34. Qf3 Be4
35. Qh3 h6 36. Bg4 Kg7 37. Bf5 Bd3 38. Bxd3 Nxd3 39. Qd7+ 1-0

[Event "ICS rated blitz match"]
[Site "204.178.125.65"]
[Date "2000.03.06"]
[Round "?"]
[White "Hossa"]
[Black "montxo"]
[Result "1-0"]
[WhiteElo "2431"]
[BlackElo "2221"]
[PlyCount "55"]

1. e4 Nf6 2. e5 Nd5 3. d4 d6 4. c4 Nb6 5. f4 dxe5 6. fxe5 Nc6 7. Be3 g6 8. Nf3
Bg4 9. Be2 Bg7 10. Nc3 O-O 11. O-O e6 12. Ne4 Bf5 13. Ng3 f6 14. Nxf5 exf5 15.
e6 f4 16. Bxf4 g5 17. Be3 g4 18. Nh4 f5 19. Nxf5 Rxf5 20. Rxf5 Nxd4 21. Rf2
Nxe6 22. Bxg4 Qe7 23. Bxb6 axb6 24. Qd5 Re8 25. Re1 Qc5 26. Rxe6 Rxe6 27. Bxe6+
Kh8 28. Qd8+ 1-0

[Event "ICS rated blitz match"]
[Site "204.178.125.65"]
[Date "2000.03.06"]
[Round "?"]
[White "montxo"]
[Black "Hossa"]
[Result "0-1"]
[WhiteElo "2214"]
[BlackElo "2438"]
[PlyCount "110"]

1. e4 c5 2. Nf3 e6 3. Nc3 Nc6 4. g3 d5 5. exd5 exd5 6. Bg2 Qe7+ 7. Ne2 Bg4 8.
O-O O-O-O 9. h3 Bxf3 10. Bxf3 Ne5 11. Bg2 d4 12. d3 Re8 13. Nf4 Nf6 14. c3 Kb8
15. cxd4 cxd4 16. Qb3 Qb4 17. Qd1 g5 18. Nd5 Nxd5 19. Bxd5 Qb5 20. Be4 Bg7 21.
Bxg5 Nxd3 22. Qg4 Ne5 23. Bf4 Bh6 24. Qf5 Bxf4 25. gxf4 Nf3+ 26. Kh1 Qxf5 27.
Bxf5 h5 28. Bd3 Re6 29. Rfd1 Rg8 30. Bc4 Rf6 31. Rd3 Rxf4 32. Bd5 Ng5 33. Rg3
Rf5 34. Bb3 Rd8 35. Rag1 Ne4 36. Rg8 Nxf2+ 37. Kh2 Rxg8 38. Rxg8+ Kc7 39. Re8
Kb6 40. Re2 d3 41. Rd2 f6 42. Bc4 Ne4 43. Rxd3 Rf2+ 44. Kg1 Rxb2 45. Bd5 f5 46.
Rb3+ Rxb3 47. axb3 h4 48. Kg2 Nd2 49. Kf2 Kc5 50. Bxb7 Nxb3 51. Ke3 a5 52. Kf4
a4 53. Bf3 a3 54. Bd1 Nd4 55. Kg5 a2 0-1

[Event "ICS rated blitz match"]
[Site "204.178.125.65"]
[Date "2000.03.06"]
[Round "?"]
[White "Hossa"]
[Black "Tinker"]
[Result "1-0"]
[WhiteElo "2461"]
[BlackElo "2467"]
[PlyCount "115"]

1. c4 e5 2. Nc3 Nc6 3. Nf3 d6 4. d4 Nxd4 5. Nxd4 exd4 6. Qxd4 c5 7. Qd3 Nf6 8.
Bg5 h6 9. Bxf6 Qxf6 10. Nd5 Qd8 11. O-O-O Be6 12. e3 Bxd5 13. cxd5 Be7 14. Qb3
Qc8 15. Bb5+ Kf8 16. Qc2 h5 17. Rd2 Rh6 18. Rhd1 a6 19. Be2 Qe8 20. Qb3 b5 21.
Qd3 c4 22. Qf5 Rc8 23. Rc2 h4 24. Bg4 Rc5 25. Rd4 Bf6 26. Re4 Qa8 27. Qd7 Qd8
28. Qb7 Kg8 29. Kb1 c3 30. b4 Rc7 31. Qxa6 Rg6 32. Qxb5 Be5 33. Bh3 f5 34. Rc4
Rxc4 35. Qxc4 Bxh2 36. Rxc3 Be5 37. Qc8 Qf8 38. Qxf8+ Kxf8 39. Rc4 Ke7 40. b5
Rh6 41. b6 Rh8 42. Rc7+ Kf6 43. f4 Rb8 44. Rc6 g5 45. fxe5+ Kxe5 46. Bxf5 Kxf5
47. Rxd6 g4 48. Re6 h3 49. gxh3 gxh3 50. Rh6 Kg4 51. Kc2 Kg3 52. d6 h2 53. d7
Kg2 54. b7 Rf8 55. Kc3 h1=Q 56. Rxh1 Kxh1 57. a4 Kg2 58. a5 1-0

[Event "ICS rated blitz match"]
[Site "204.178.125.65"]
[Date "2000.03.06"]
[Round "?"]
[White "gzk"]
[Black "Hossa"]
[Result "1-0"]
[WhiteElo "2772"]
[BlackElo "2477"]
[PlyCount "105"]

1. d4 Nf6 2. c4 e6 3. g3 d5 4. Bg2 Be7 5. Nf3 O-O 6. O-O dxc4 7. Qc2 a6 8. Nbd2
b5 9. Ng5 Ra7 10. Rd1 a5 11. a4 c6 12. Ndf3 Na6 13. Bd2 Nb4 14. Bxb4 axb4 15.
Ne5 b3 16. Qc1 Rxa4 17. Rxa4 bxa4 18. Nxc6 Qc7 19. Qxc4 Nd5 20. Nxe7+ Qxe7 21.
Ne4 Qb4 22. Qxb4 Nxb4 23. Nc5 Nc2 24. e3 e5 25. d5 Bg4 26. Rc1 f5 27. Nxa4 e4
28. Bf1 Rc8 29. Ba6 Ra8 30. Nc5 Nb4 31. Bc4 g5 32. d6+ Kh8 33. d7 Rd8 34. Bxb3
f4 35. Ne6 Bxe6 36. Bxe6 fxe3 37. Rc8 exf2+ 38. Kxf2 Nc6 39. Bd5 Kg7 40. Bxc6
Rxd7 41. Bxd7 Kf6 42. Re8 h5 43. b4 g4 44. b5 Kg6 45. b6 e3+ 46. Rxe3 Kf6 47.
b7 h4 48. b8=Q hxg3+ 49. Qxg3 Kf7 50. Qf4+ Kg6 51. Re6+ Kg7 52. Re7+ Kg6 53.
Be8# 1-0

[Event "ICS rated blitz match"]
[Site "204.178.125.65"]
[Date "2000.03.06"]
[Round "?"]
[White "Hossa"]
[Black "inmichess"]
[Result "1-0"]
[WhiteElo "2472"]
[BlackElo "2402"]
[PlyCount "141"]

1. e4 e5 2. Nf3 Nc6 3. d4 exd4 4. Nxd4 Nf6 5. Nxc6 bxc6 6. e5 Qe7 7. Qe2 Nd5 8.
c4 Ba6 9. b3 Qh4 10. a3 Bc5 11. Qf3 Nb6 12. Bb2 O-O 13. Be2 d5 14. O-O Rad8 15.
Rd1 Rfe8 16. Rd2 Re6 17. cxd5 Bxe2 18. Rxe2 cxd5 19. Rc2 Qe7 20. Nd2 d4 21. b4
Na4 22. bxc5 d3 23. Rcc1 Nxb2 24. Qb7 Rxe5 25. Qxb2 Rxc5 26. Rxc5 Qxc5 27. Rc1
Qa5 28. Qb4 Qxb4 29. axb4 Rd7 30. Ra1 f6 31. Rxa7 Kf7 32. b5 Ke6 33. f3 h5 34.
Kf2 Kd6 35. Ne4+ Ke7 36. Ke1 Kd8 37. Ra8+ Ke7 38. Rc8 f5 39. Nc5 Rd5 40. Rxc7+
Kd6 41. b6 Re5+ 42. Kd2 Re2+ 43. Kxd3 Rxg2 44. Rc8 Rb2 45. b7 Kd5 46. b8=Q Rxb8
47. Rxb8 Kxc5 48. Rg8 Kd5 49. Rxg7 Kd6 50. Rg5 h4 51. Rxf5 h3 52. Rh5 Ke6 53.
Rxh3 Ke7 54. Rh7+ Ke6 55. Re7+ Kd5 56. Re6 Kxe6 57. Ke4 Kd6 58. h4 Ke6 59. f4
Kf6 60. f5 Ke7 61. Ke5 Kf7 62. f6 Kg6 63. Ke6 Kh5 64. f7 Kxh4 65. f8=Q Kg3 66.
Qf1 Kg4 67. Qf2 Kh3 68. Qe2 Kg3 69. Kf5 Kh3 70. Kf4 Kh4 71. Qh2# 1-0

[Event "ICS rated blitz match"]
[Site "204.178.125.65"]
[Date "2000.03.06"]
[Round "?"]
[White "inmichess"]
[Black "Hossa"]
[Result "0-1"]
[WhiteElo "2389"]
[BlackElo "2485"]
[PlyCount "152"]

1. e4 e5 2. Nf3 Nc6 3. c3 Nf6 4. d4 Nxe4 5. d5 Ne7 6. Nxe5 Ng6 7. Nxg6 hxg6 8.
Bd3 Nf6 9. O-O Bd6 10. h3 Nxd5 11. Bxg6 Nf6 12. Re1+ Be7 13. Bd3 Rh5 14. Be3
Kf8 15. Qe2 c5 16. Bf4 d5 17. Be5 Rh6 18. c4 Be6 19. Nc3 d4 20. Nb5 Ne8 21. Be4
Qb6 22. a4 Rd8 23. Bf4 g5 24. Bd2 Nd6 25. Nxd6 Rxd6 26. f4 f6 27. Bf5 d3 28.
Qe4 Kf7 29. Ra3 Qc6 30. Bxe6+ Rxe6 31. Qxc6 Rxe1+ 32. Bxe1 bxc6 33. Rxd3 gxf4
34. Rd7 f3 35. Rxa7 Ke6 36. Ra6 Rg6 37. g3 Bd6 38. Kh2 Rg5 39. Bf2 Re5 40. Kg1
Re2 41. Rxc6 Kd7 42. Rb6 Rc2 43. Rb3 Bxg3 44. Bxg3 Rg2+ 45. Kf1 Rxg3 46. Rd3+
Kc6 47. h4 Rh3 48. Kf2 Rxh4 49. Rxf3 Rxc4 50. b3 Rc2+ 51. Ke1 c4 52. b4 Rb2 53.
Rxf6+ Kd5 54. b5 Ra2 55. Ra6 c3 56. Kd1 Kc4 57. Rc6+ Kb3 58. b6 Rxa4 59. Ke2
Kc2 60. b7 Re4+ 61. Kf3 Rb4 62. Rc7 Kd2 63. b8=Q Rxb8 64. Rd7+ Kc2 65. Ke2 Kb2
66. Ke3 c2 67. Rd2 Re8+ 68. Kf3 Kc3 69. Rd7 Rc8 70. Rh7 Kd3 71. Re7 Rf8+ 72.
Kg4 c1=Q 73. Rd7+ Ke3 74. Re7+ Kf2 75. Re4 Qg1+ 76. Kh5 Rh8# 0-1

[Event "ICS rated blitz match"]
[Site "204.178.125.65"]
[Date "2000.03.06"]
[Round "?"]
[White "Hirug"]
[Black "Hossa"]
[Result "0-1"]
[WhiteElo "2298"]
[BlackElo "2497"]
[PlyCount "94"]

1. d4 Nf6 2. c4 e6 3. g3 d5 4. Bg2 Be7 5. Nf3 O-O 6. O-O dxc4 7. Qc2 a6 8. a4
Bd7 9. Qxc4 Bc6 10. e3 Bb5 11. axb5 axb5 12. Rxa8 bxc4 13. Ne5 c5 14. Rd1 Qc7
15. Nc3 cxd4 16. exd4 Nbd7 17. Rxf8+ Kxf8 18. Nxd7+ Qxd7 19. d5 exd5 20. Nxd5
Qa4 21. Nc3 Qc2 22. h3 Bc5 23. Rf1 Bxf2+ 24. Rxf2 Qxc1+ 25. Kh2 b6 26. Re2 g5
27. Rf2 Kg7 28. Re2 h5 29. Rf2 Kg6 30. Re2 h4 31. g4 Kh7 32. Rf2 Qe3 33. Re2
Qf4+ 34. Kh1 Kg7 35. Kg1 Kg6 36. Kh1 Kh6 37. Kg1 Kg7 38. Kh1 Qd6 39. Kg1 b5 40.
Ne4 Qd3 41. Re1 Nxe4 42. Rxe4 Qb1+ 43. Kh2 Qxb2 44. Re1 c3 45. Re5 Qd2 46. Rxb5
Qd6+ 47. Kh1 c2 0-1

[Event "ICS rated bullet match"]
[Site "204.178.125.65"]
[Date "2000.03.07"]
[Round "?"]
[White "crecky"]
[Black "Hossa"]
[Result "0-1"]
[WhiteElo "2074"]
[BlackElo "2396"]
[PlyCount "48"]

1. e4 e5 2. Nf3 Nc6 3. Bc4 Bc5 4. c3 Nf6 5. d4 exd4 6. cxd4 Bb4+ 7. Nc3 Nxe4 8.
O-O Bxc3 9. d5 Bf6 10. Re1 Ne7 11. Rxe4 d6 12. Bg5 Bxg5 13. Nxg5 h6 14. Ne6
fxe6 15. dxe6 O-O 16. Qh5 d5 17. Rg4 dxc4 18. Re1 Qd2 19. Rf1 Bxe6 20. Rg3 Qxb2
21. Qh4 Rae8 22. Qe4 Bd5 23. Qe3 Nf5 24. Qd4 Nxd4 0-1

[Event "ICS rated blitz match"]
[Site "204.178.125.65"]
[Date "2000.03.07"]
[Round "?"]
[White "Hossa"]
[Black "Muskovit3"]
[Result "0-1"]
[WhiteElo "2505"]
[BlackElo "2420"]
[PlyCount "108"]

1. d4 Nf6 2. Nf3 g6 3. g3 Bg7 4. Bg2 O-O 5. O-O d6 6. c4 Nbd7 7. Bf4 c5 8. e3
h6 9. dxc5 Nxc5 10. g4 Bxg4 11. Bg3 Nfe4 12. Nc3 Nxc3 13. bxc3 Qa5 14. Bh4 g5
15. Bg3 Rfc8 16. Qc2 Qxc3 17. Qxc3 Bxc3 18. Rac1 Bb2 19. Rb1 Bg7 20. Nd4 Rab8
21. h3 Bd7 22. Rfd1 Bf6 23. Rd2 h5 24. Bh2 h4 25. f3 Ne6 26. Bf1 Nxd4 27. exd4
b6 28. Kg2 Bf5 29. Rb4 Be6 30. Be2 Rb7 31. Ra4 Rbc7 32. d5 Bd7 33. Ra6 b5 34.
Bg1 bxc4 35. Rd1 c3 36. Be3 c2 37. Rf1 c1=B 38. Bf2 Bcb2 39. Rxa7 Rxa7 40. Bxa7
Rc2 41. Kf2 Bfd4+ 42. Bxd4 Bxd4+ 43. Ke1 Bc3+ 44. Kf2 Bb5 45. Rb1 Rxe2+ 46. Kg1
Bd7 47. f4 Bxh3 48. Rd1 gxf4 49. Kh1 f3 50. a4 Bg2+ 51. Kg1 h3 52. Rd4 Bxd4+
53. Kh2 Be5+ 54. Kg1 h2# 0-1